Online
Catalog

Vidrios españoles / (Record no. 11302)

MARC details
000 -CABECERA
campo de control de longitud fija 00879cam a2200253 a 4500
001 - NÚMERO DE CONTROL
campo de control 000011609
005 - FECHA Y HORA DE LA ÚLTIMA TRANSACCIÓN
campo de control 20200929162513.0
008 - DATOS DE LONGITUD FIJA--INFORMACIÓN GENERAL
campo de control de longitud fija 860425s1984 sp af b 001 0 spa
020 ## - NÚMERO INTERNACIONAL ESTÁNDAR DEL LIBRO
Número Internacional Estándar del Libro 8427606990
040 ## - FUENTE DE LA CATALOGACIÓN
Centro catalogador/agencia de origen DO-SdBNP
Lengua de catalogación spa
Centro/agencia transcriptor DLC
Centro/agencia modificador BNPHU
082 ## - NÚMERO DE LA CLASIFICACIÓN DECIMAL DEWEY
Número de clasificación 666.10946
Número de documento/Ítem G643v
049 ## - FONDOS LOCALES (OCLC)
Fondos de biblioteca BNGR
100 1# - ENTRADA PRINCIPAL--NOMBRE DE PERSONA
Nombre de persona González Pena, María Luisa.
9 (RLIN) 27458
245 10 - MENCIÓN DE TÍTULO
Título Vidrios españoles /
Mención de responsabilidad, etc. María Luisa González Pena ; prólogo, Santiago Valiente Cánovas.
260 ## - PUBLICACIÓN, DISTRIBUCIÓN, ETC.
Lugar de publicación, distribución, etc. Madrid, (España) :
Nombre del editor, distribuidor, etc. Nacional,
Fecha de publicación, distribución, etc. 1984.
300 ## - DESCRIPCIÓN FÍSICA
Extensión 149 p. :
Otras características físicas il. ;
Dimensiones 22 cm.
490 1# - MENCIÓN DE SERIE
Mención de serie Artes del tiempo y del espacio
Designación de volumen o secuencia 17
504 ## - NOTA DE BIBLIOGRAFÍA, ETC.
Nota de bibliografía, etc. Bibliografía: p. 135-137.
650 #4 - PUNTO DE ACCESO ADICIONAL DE MATERIA--TÉRMINO DE MATERIA
Término de materia o nombre geográfico como elemento de entrada Vidrios
Subdivisión geográfica España
Subdivisión general Historia
9 (RLIN) 27459
650 #4 - PUNTO DE ACCESO ADICIONAL DE MATERIA--TÉRMINO DE MATERIA
Término de materia o nombre geográfico como elemento de entrada Vitrales
Subdivisión geográfica España
9 (RLIN) 27460
700 1# - PUNTO DE ACCESO ADICIONAL--NOMBRE DE PERSONA
Nombre de persona Valiente Cánovas, Santiago,
Término indicativo de función/relación pról.
9 (RLIN) 27461
830 #0 - PUNTO DE ACCESO ADICIONAL DE SERIE-TÍTULO UNIFORME
Título uniforme Artes del tiempo y del espacio ;
Designación de volumen o secuencia 17
9 (RLIN) 27462
910 ## - DATOS DE OPCIÓN DEL USUARIO (OCLC)
Datos de opción del usuario Catalogación derivada
Holdings
Estado de retiro Estado de pérdida Restricciones de uso No para préstamo Código de colección Localización permanente Ubicación/localización actual Ubicación en estantería Fecha de adquisición Número de inventario Total de préstamos Signatura topográfica completa Código de barras Fecha visto por última vez Precio válido a partir de Tipo de ítem Koha
    Préstamo interno   Monografías: Libros y Folletos General General En catalogación 21.10.2009 LF1   666.10946 G643v 11609-10 25.06.2020 25.06.2020 Préstamo interno

Powered by Koha